书目信息 |
| 题名: |
灵犀
|
|
| 作者: | 任亚 主编 | |
| 分册: | ||
| 出版信息: | 北京 中国铁道出版社 2018.11 |
|
| 页数: | 117页 | |
| 开本: | 26cm | |
| 丛书名: | 抒心作文系列丛书 | |
| 单 册: | ||
| 中图分类: | H152.1 | |
| 科图分类: | ||
| 主题词: | 作文课--zuo wen ke--小学--教学参考资料 | |
| 电子资源: | ||
| ISBN: | 978-7-113-25050-8 | |
| 000 | 00874nam 2200265 450 | |
| 001 | 0104125607 | |
| 005 | 20201104125711.0 | |
| 010 | @a978-7-113-25050-8@dCNY42.00 | |
| 100 | @a20190921d2018 em y0chiy50 ea | |
| 101 | 0 | @achi |
| 102 | @aCN@b110000 | |
| 105 | @aa z 000yy | |
| 106 | @ar | |
| 200 | 1 | @a灵犀@Aling xi@f任亚主编 |
| 210 | @a北京@c中国铁道出版社@d2018.11 | |
| 215 | @a117页@c图@d26cm | |
| 225 | 2 | @a抒心作文系列丛书@Ashu xin zuo wen xi lie cong shu@i灵感篇 |
| 330 | @a本书共分为十二课,主要内容包括:外貌语言文自在、言语互动成文章、一举一动字生花、游戏实践找真知、墨韵深埋表情中、内心参与文添彩等。 | |
| 461 | 0 | @12001 @a抒心作文系列丛书 |
| 462 | 0 | @12001 @a灵感篇 |
| 606 | 0 | @a作文课@Azuo wen ke@x小学@j教学参考资料 |
| 690 | @aH152.1@v5 | |
| 701 | 0 | @a任亚@Aren ya@4主编 |
| 801 | 0 | @aCN@bBJSZM@c20201104 |
| 905 | @b1259486-90@dH152.1@e541@f5 | |
| 灵犀/任亚主编.-北京:中国铁道出版社,2018.11 |
| 117页:图;26cm.-(抒心作文系列丛书.灵感篇) |
| ISBN 978-7-113-25050-8:CNY42.00 |
| 本书共分为十二课,主要内容包括:外貌语言文自在、言语互动成文章、一举一动字生花、游戏实践找真知、墨韵深埋表情中、内心参与文添彩等。 |
| ● |
| 相关链接 |
|
|
|
|
正题名:灵犀
索取号:H152.1/541
 
预约/预借
| 序号 | 登录号 | 条形码 | 馆藏地/架位号 | 状态 | 备注 |
| 1 | 1259486 | 212594860 | 第二样本阅览室/ [索取号:H152.1/541] | 在馆 | |
| 2 | 1259487 | 212594879 | 教育系资料室/ [索取号:H152.1/541] | 在馆 | |
| 3 | 1259488 | 212594888 | 教育系资料室/ [索取号:H152.1/541] | 在馆 | |
| 4 | 1259489 | 212594897 | 第四借阅区/ [索取号:H152.1/541] | 在馆 | |
| 5 | 1259490 | 212594904 | 第四借阅区/ [索取号:H152.1/541] | 在馆 |